Morocco all time starting xi - Statistics

General Stats
  • This quiz has been taken 87 times
    25 since last reset
  • The average score is 5 of 11
Answer Stats
Hint Answer % Correct
DF(2016- Achraf Hakimi
100%
FW(2015- Hakim Ziyech
95%
GK(2012- Yassine Bounou
95%
FW(2016- Youssef En-Nesyri
65%
DF(2012- Roman Saïss
55%
DF(2018- Noussair Mazraoui
50%
FW(1966-1979 Ahmed Faras
25%
DF(1990-2006 Nourredine Naybet
25%
MF(1973-1988 Abdelmajid Dolmy
5%
MF(2003-2015 Houssine Kharja
5%
MF(1999-2009 Youssef Safri
5%
No matching quizzes found
Score Distribution
Percent of People with Each Score
Percentile by Number Answered
Your Score History
You have not taken this quiz since the last reset